[Event "Prague Festival Future 2020"]
[Site "Prague"]
[Date "2020.02.16"]
[Round "5.3"]
[White "Vagman, Roy"]
[Black "Gurel, Ediz"]
[Result "0-1"]
[WhiteElo "2141"]
[BlackElo "2125"]
[Annotator "TA"]
[PlyCount "128"]
[EventDate "2020.02.12"]
[EventType "tourn"]
[EventCountry "CZE"]
[SourceTitle "playchess.com"]
[Source "ChessBase"]
[SourceQuality "1"]

{[%evp 9,128,8,38,0,14,0,11,-16,20,-36,-41,-68,-28,-73,-74,-70,-72,-72,-70,-93,-66,-73,-78,-85,-85,-91,-51,-70,-66,-67,-52,-70,-43,-50,-49,-39,-21,-21,-21,-28,-23,-27,1,0,16,7,19,10,65,-17,-19,-23,-23,-88,-41,-97,-99,-91,0,0,0,0,0,-2,0,-8,-8,-8,-8,-17,0,0,0,-9,-8,-81,-18,-67,-68,-316,-337,-1222,-1083,-947,-839,-771,-179,-178,-178,-179,-178,-185,-185,-191,-390,-289,-275,-670,-666,-514,-498,-652,-605,-6171,-5672,-29970,-4710,-29973,-29974,-29973,-11715,-29979,-29980,-29980,-29973,-29981,-29981,-29988,-29989,-29991,-29992]} 1. e4 c5 2. Nf3 e6 3. d4 cxd4 4. Nxd4 Nc6 5. Nc3 Qc7 6. Nxc6 {B47: Sicilian: Taimanov: 5 Nc3 Qc7 6 f4, 6 g3 and 6 Be2.} (6. Ndb5 {keeps more tension.} Qb8 7. Be3 Nf6 8. f4 d6 9. Qd2) 6... bxc6 7. Qf3 Nf6 8. Bd3 {The position is equal.} Be7 {[#]} 9. g4 $146 (9. Qg3 $11 Qxg3 10. hxg3) ({Predecessor:} 9. O-O Bb7 10. Re1 O-O 11. Bg5 h6 12. Bh4 d6 13. Bg3 e5 14. Bh4 Bc8 15. h3 {0-1 (47) Evangelisti,M (1686)-Ranieri,A (1800) ICCF email 2014}) 9... d5 $15 10. exd5 Nxd5 11. Nxd5 cxd5 12. c3 Rb8 13. O-O O-O 14. Qh3 {[%csl Gd3][%cal Rh3h7]} g6 15. Bh6 Rd8 16. Rab1 e5 17. Qg3 Bb7 18. Rbe1 Bd6 {Threatens to win with ...e4.} 19. Qh4 e4 20. Be2 $1 Bf4 21. Bg5 Bxg5 22. Qxg5 Ba8 23. Rb1 Rb6 24. Rfd1 f6 25. Qe3 Qe5 26. Qg3 Rdb8 27. b3 Rc8 28. Rbc1 $1 Kg7 (28... Rd6 $11) 29. Qxe5 ({White should play} 29. Qe3 $14) 29... fxe5 $11 30. f3 $1 {[%cal Rf3e4] Threatening fxe4.} e3 31. g5 (31. Rd3 $11) 31... h6 32. h4 (32. Rd3 $15) 32... hxg5 $17 33. hxg5 Rf8 (33... Re6 $17 {White should prevent ...Re7.} 34. Kf1 Rh8) 34. Rd3 $11 Rf5 35. Rxe3 Rxg5+ 36. Kf2 Rf6 37. Rg1 Rxg1 38. Kxg1 {[%mdl 4096] Endgame KRB-KRB} Rf5 39. Bd3 Rg5+ 40. Kf2 Rh5 41. Be2 Kf6 42. Bf1 (42. b4 $11) 42... Bc6 (42... Kf5 $1 $17 {aiming for ...Kf4.} 43. Kg3 Rg5+ 44. Kf2 Kf4) 43. Bg2 Kf5 44. c4 $2 {[#]} (44. f4 $1 $15) 44... d4 $1 $19 {[%cal Rd4e3]} 45. Re1 $2 (45. Rd3 Kf4 46. Kg1) 45... Kf4 46. Rd1 Rh2 47. Rd3 e4 $2 (47... Bd7 48. Kg1 Bf5) 48. Rxd4 {[%cal Rf3e4]} Ke5 $1 {[%csl LRd4,LRf3]} 49. Rxe4+ Bxe4 50. fxe4 {KR-KB} Kd4 51. Kg3 Rh5 {[%mdl 1024] Black has strong compensation.} 52. Kf4 Ra5 53. a4 $2 (53. Bh3) 53... g5+ 54. Kf3 Kc3 55. Ke3 Kxb3 56. Kd3 g4 57. Bh1 g3 (57... Rh5 $142 58. Bg2 Rh2 59. Bf1 g3 60. c5 Kxa4 61. e5 g2 62. Bxg2 Rxg2 63. c6 Kb5 64. c7 Rg8 65. Ke3 a5 66. e6 a4 67. Kd2 a3 68. Kc3 Ka4 69. Kd4 Kb5 70. Kc3 Ka4 71. Kc2 {[#]} Rc8 $1 {[%mdl 512]} 72. Kc3 Rxc7+ 73. Kd4 a2 74. Ke5 a1=Q+ 75. Kf5 Rc5+ 76. Kg6 Qe5 77. Kf7 Rc7+ 78. e7 Qf5+ 79. Kg8 Rxe7 80. Kh8 Qh7#) 58. Bf3 Rxa4 59. e5 Rxc4 (59... Ra2 $142 60. c5 g2 61. Bxg2 Rxg2 62. e6 Rg6 63. Ke3 Rxe6+ 64. Kd4 Re7 65. c6 a5 66. Kc5 a4 67. Kd6 Re8 68. c7 Rh8 69. Kd7 a3 70. c8=Q Rxc8 71. Kxc8 Kc4 72. Kd8 Kd5 73. Ke8 a2 74. Kf7 a1=Q 75. Kg6 Qe5 76. Kf7 Qg5 77. Ke8 Qg7 78. Kd8 Kd6 79. Ke8 Qg8#) 60. Bd5 Kb4 {Black mates.} 61. e6 Rc7 62. Kd4 a5 63. Ke5 Kc5 64. Bb3 g2 {Accuracy: White = 49%, Black = 70%.} 0-1

[Event "Prague Festival Future 2020"]
[Site "Prague"]
[Date "2020.02.16"]
[Round "5.4"]
[White "Kanov, Nikola"]
[Black "Chinguun Bayaraa"]
[Result "1-0"]
[WhiteElo "2129"]
[BlackElo "2049"]
[Annotator "ChessBase"]
[PlyCount "81"]
[EventDate "2020.02.12"]
[EventType "tourn"]
[EventCountry "CZE"]
[SourceTitle "playchess.com"]
[Source "ChessBase"]
[SourceQuality "1"]
[TimeControl "40/5400+30:1800+30"]

1. e4 {[%emt 0:00:00]} c5 {[%emt 0:00:08]} 2. Nf3 {[%emt 0:00:00]} d6 {[%emt 0:00:05]} 3. d4 {[%emt 0:00:00]} cxd4 {[%emt 0:00:07]} 4. Nxd4 {[%emt 0:00:00]} Nf6 {[%emt 0:00:04]} 5. Nc3 {[%emt 0:00:07]} a6 {[%emt 0:00:05]} 6. Be3 {[%emt 0:00:16]} e5 {[%emt 0:00:06]} 7. Nb3 {[%emt 0:00:08]} Be6 {[%emt 0:00:07]} 8. f3 {[%emt 0:00:11]} Be7 {[%emt 0:03:05]} 9. Qd2 {[%emt 0:00:20]} O-O {[%emt 0:01:17]} 10. O-O-O {[%emt 0:00:20]} Nbd7 {[%emt 0:04:08]} 11. g4 {[%emt 0:00:15]} b5 {[%emt 0:00:08]} 12. g5 {[%emt 0:00:10]} b4 {[%emt 0:00:05]} 13. Ne2 {[%emt 0:00:12]} Ne8 {[%emt 0:00:08]} 14. h4 {[%emt 0:05:46]} a5 {[%emt 0:01:15]} 15. Kb1 {[%emt 0:00:19]} Qc7 {[%emt 0:04:57]} 16. Bh3 {[%emt 0:04:51]} Nb6 {[%emt 0:01:06]} 17. Bxb6 {[%emt 0:04:41]} Qxb6 {[%emt 0:10:46]} 18. g6 {[%emt 0:15:04]} h6 {[%emt 0:16:59]} 19. gxf7+ {[%emt 0:02:20]} Bxf7 {[%emt 0:00:21]} 20. Rhg1 {[%emt 0:03:04]} Kh8 {[%emt 0:00:30]} 21. Ng3 {[%emt 0:02:06]} a4 {[%emt 0:13:53]} 22. Nc1 {[%emt 0:02:16]} b3 {[%emt 0:03:28]} 23. Nf5 {[%emt 0:08:48]} Rb8 {[%emt 0:17:16]} 24. cxb3 {[%emt 0:01:16]} Bf6 {[%emt 0:01:18]} 25. Nxh6 {[%emt 0:10:13]} axb3 {[%emt 0:04:15]} 26. Nxf7+ {[%emt 0:01:02]} Rxf7 {[%emt 0:00:17]} 27. Nxb3 {[%emt 0:02:42]} Ra7 {[%emt 0:01:15]} 28. Nc1 {[%emt 0:04:46]} d5 {[%emt 0:02:48]} 29. Rg2 {[%emt 0:01:11]} d4 {[%emt 0:00:56]} 30. Rdg1 {[%emt 0:02:21]} Nd6 {[%emt 0:02:22]} 31. Be6 {[%emt 0:08:46]} Nb7 {[%emt 0:06:40]} 32. Rxg7 {[%emt 0:04:32]} Bxg7 {[%emt 0:00:21]} 33. Qg5 {[%emt 0:00:02]} Qxb2+ {[%emt 0:02:21]} 34. Kxb2 {[%emt 0:00:04]} Nd8+ {[%emt 0:00:06]} 35. Bb3 {[%emt 0:00:06]} Ne6 {[%emt 0:00:29]} 36. Qh5+ {[%emt 0:00:17]} Kg8 {[%emt 0:00:07]} 37. Qg6 {[%emt 0:00:07]} Re7 {[%emt 0:00:29]} 38. Ka1 {[%emt 0:00:40]} Rb6 {[%emt 0:00:13]} 39. h5 {[%emt 0:00:19]} Kf8 {[%emt 0:01:33]} 40. h6 {[%emt 0:00:00]} Rc6 {[%emt 0:00:00]} 41. Bxe6 {[%emt 0:00:34]} 1-0

[Event "Prague Festival Future 2020"]
[Site "Prague"]
[Date "2020.02.16"]
[Round "5.5"]
[White "Finek, Vaclav"]
[Black "Klimkowski, Jan"]
[Result "1-0"]
[WhiteElo "2220"]
[BlackElo "2229"]
[Annotator "ChessBase"]
[PlyCount "69"]
[EventDate "2020.02.12"]
[EventType "tourn"]
[EventCountry "CZE"]
[SourceTitle "playchess.com"]
[Source "ChessBase"]
[SourceQuality "1"]
[TimeControl "40/5400+30:1800+30"]

1. e4 {[%emt 0:00:00]} c5 {[%emt 0:00:00]} 2. Nf3 {[%emt 0:00:00]} d6 {[%emt 0:00:00]} 3. d4 {[%emt 0:00:00]} cxd4 {[%emt 0:00:00]} 4. Qxd4 {[%emt 0:00:00]} Nc6 {[%emt 0:00:00]} 5. Bb5 {[%emt 0:00:00]} a6 {[%emt 0:00:10]} 6. Bxc6+ {[%emt 0:00:00]} bxc6 {[%emt 0:00:04]} 7. Nc3 {[%emt 0:00:41]} e5 {[%emt 0:01:30]} 8. Qd3 {[%emt 0:00:34]} Nf6 {[%emt 0:01:24]} 9. Bg5 {[%emt 0:00:57]} Be6 {[%emt 0:01:11]} 10. O-O {[%emt 0:03:44]} Be7 {[%emt 0:01:11]} 11. Rad1 {[%emt 0:03:55]} O-O {[%emt 0:01:40]} 12. Bxf6 {[%emt 0:02:37]} gxf6 {[%emt 0:01:11]} 13. Nh4 {[%emt 0:04:09]} Qb6 {[%emt 0:02:59]} 14. Ne2 {[%emt 0:07:01]} Kh8 {[%emt 0:02:59]} 15. Ng3 {[%emt 0:03:15]} Rg8 {[%emt 0:08:12]} 16. Nhf5 {[%emt 0:05:57]} Bf8 {[%emt 0:00:20]} 17. Nxd6 {[%emt 0:20:57]} Qxb2 {[%emt 0:10:16]} 18. Qf3 {[%emt 0:07:35]} Rg6 {[%emt 0:04:12]} 19. Ngf5 {[%emt 0:02:44]} Qb4 {[%emt 0:08:52]} 20. Qe3 {[%emt 0:04:27]} Bxd6 {[%emt 0:15:35]} 21. Nxd6 {[%emt 0:00:14]} Qa5 {[%emt 0:09:23]} 22. g3 {[%emt 0:07:14]} Rgg8 {[%emt 0:04:21]} 23. f4 {[%emt 0:02:18]} Rgb8 {[%emt 0:06:16]} 24. f5 {[%emt 0:02:16]} Bxa2 {[%emt 0:02:18]} 25. Qh6 {[%emt 0:00:49]} Qc5+ {[%emt 0:01:07]} 26. Rf2 {[%emt 0:01:20]} Rb2 {[%emt 0:01:49]} 27. Qxf6+ {[%emt 0:00:06]} Kg8 {[%emt 0:00:05]} 28. Qg5+ {[%emt 0:02:11]} Kh8 {[%emt 0:00:09]} 29. f6 {[%emt 0:03:14]} Rg8 {[%emt 0:00:35]} 30. Nxf7+ {[%emt 0:01:33]} Bxf7 {[%emt 0:00:26]} 31. Rd8 {[%emt 0:00:06]} Rb1+ {[%emt 0:07:59]} 32. Kg2 {[%emt 0:00:45]} Bg6 {[%emt 0:01:13]} 33. Rxg8+ {[%emt 0:00:13]} Kxg8 {[%emt 0:00:24]} 34. f7+ {[%emt 0:00:09]} Kg7 {[%emt 0:00:11]} 35. Qf6+ {[%emt 0:00:07]} 1-0

[Event "Prague Festival Future 2020"]
[Site "Prague"]
[Date "2020.02.18"]
[Round "6.1"]
[White "Nadzamova, Viktoria"]
[Black "Chinguun Bayaraa"]
[Result "1-0"]
[WhiteElo "1960"]
[BlackElo "2049"]
[Annotator "TA"]
[PlyCount "81"]
[EventDate "2020.02.12"]
[EventType "tourn"]
[EventCountry "CZE"]
[SourceTitle "playchess.com"]
[Source "ChessBase"]
[SourceQuality "1"]

{[%evp 9,81,20,32,29,29,12,15,10,32,17,19,20,31,2,38,9,28,7,7,8,13,4,12,16,19,0,12,0,17,10,45,-9,27,-4,0,-12,15,0,27,0,0,0,22,6,15,-264,-264,-263,-264,-246,-257,-264,-264,-250,-238,-309,-312,-317,-280,-311,-270,-323,-272,-317,-318,-312,-314,-289,118,100,85,85,1045,1022]} 1. e4 c5 2. Nf3 d6 3. Bb5+ Bd7 4. c4 Nf6 5. Nc3 g6 6. d4 {B52: Sicilian: Moscow Variation with 3...Bd7.} cxd4 7. Nxd4 Bg7 8. O-O {The position is equal.} O-O 9. h3 Nc6 10. Be3 a6 11. Bxc6 bxc6 12. c5 d5 13. e5 Ne4 14. Nxe4 dxe4 15. Qc2 Bxe5 16. Qxe4 Qc7 $1 {[#]} 17. Bh6 $146 ({Predecessor:} 17. Rad1 Rad8 18. b3 Bxd4 19. Bxd4 Bf5 20. Qe2 Bc8 21. Be5 Qa5 22. Qe3 Rxd1 23. Rxd1 {1-0 (132) David,A (2566)-Bakre,T (2427) Karlsruhe 2018}) 17... Rfe8 18. Rfe1 Bh8 19. Rad1 e5 20. Nb3 (20. Nc2 $14) 20... Bf5 21. Qc4 Be6 $36 {[%mdl 2048] Black fights for an advantage.} 22. Qa4 Bd5 23. Nd2 Qe7 24. Be3 f5 {aiming for ...f4.} 25. Nc4 f4 26. Bxf4 $1 {And now Nb6 would win.} Qh4 $1 {[%cal Rh4f4][%mdl 64] Pin} 27. Nb6 $2 {[%mdl 8192]} (27. Rxd5 $11 cxd5 28. g3) 27... Qxf4 $19 28. Qxf4 exf4 29. Nxa8 Rxa8 30. b3 Kf7 31. Re2 Ra7 ({Resist} 31... f3 32. gxf3 Rb8 33. Kg2) 32. f3 Rb7 33. Kf1 Bg7 34. Rc2 Be5 35. Rd3 Bf6 36. Ke1 g5 37. Kf2 Rb4 38. Kf1 Bd4 $2 (38... Be5 $19 {White must now prevent ...a5.} 39. Kf2 a5) 39. a3 $16 Rxb3 40. Rxd4 Rxa3 $2 {[%mdl 8192] [#]} (40... Kf6 $16) 41. Rxd5 $1 {[%mdl 576] Promotion. Accuracy: White = 69%, Black = 72%.} 1-0

[Event "Prague Festival Future 2020"]
[Site "Prague"]
[Date "2020.02.18"]
[Round "6.2"]
[White "Aydin, Gulenay"]
[Black "Finek, Vaclav"]
[Result "1/2-1/2"]
[WhiteElo "1964"]
[BlackElo "2220"]
[Annotator "TA"]
[PlyCount "101"]
[EventDate "2020.02.12"]
[EventType "tourn"]
[EventCountry "CZE"]
[SourceTitle "playchess.com"]
[Source "ChessBase"]
[SourceQuality "1"]

{[%evp 9,101,33,42,33,42,11,16,12,14,-12,-11,-19,-8,-18,-10,-27,-26,-26,-24,-32,-30,-35,-31,-32,-33,-32,-21,-27,-23,-22,-14,-14,-22,-41,-18,-24,-17,-27,-18,-26,0,0,0,0,39,50,47,34,61,33,33,33,33,40,40,40,40,40,46,40,40,0,40,40,47,0,47,47,47,48,48,48,48,0,48,7,10,11,35,4,6,6,6,8,8,8,8,0,0,0,0,0,0,0]} 1. e4 d5 2. exd5 Qxd5 3. Nc3 Qa5 4. Bc4 Nf6 5. d3 Nc6 6. Bd2 {[#] aiming for Nd5. B01: Scandinavian Defence.} Qe5+ 7. Qe2 (7. Be3 {looks sharper.} a6 8. a3 Bg4 9. Qd2 e6 10. h3) 7... Qxe2+ 8. Ngxe2 a6 9. O-O-O {[#]} e6 $146 ({Predecessor:} 9... Bf5 10. h3 e6 11. g4 Bg6 12. Nf4 Na5 13. Nxg6 hxg6 14. Bg5 Be7 15. Bf4 O-O-O {½-½ (34) Giehring,S (1975)-Haar,W (1815) Hamburg 1993}) 10. Bf4 b5 11. Bb3 Bd6 12. Bxd6 cxd6 13. Ne4 Ke7 14. Nxf6 Kxf6 15. c3 Bb7 16. Bc2 Ne7 17. f3 Nf5 18. Kd2 h5 19. d4 h4 20. Be4 Rab8 21. Nf4 g5 22. Nd3 Ne7 {White must now prevent ...d5.} 23. Bxb7 Rxb7 24. a4 bxa4 25. Ra1 Nd5 26. Rxa4 Nf4 27. b4 Nxg2 28. Rxa6 Ke7 29. h3 Nf4 30. Nxf4 gxf4 $14 {[%mdl 4096] Endgame KRR-KRR} 31. Rg1 d5 32. Rg4 Rc7 33. Ra5 (33. Rxf4 f5 $17) 33... Rd7 34. Ra1 Rc7 35. Ra2 Rd7 36. Ra3 (36. Rxf4 f5 $15) 36... Rc7 37. Ra4 (37. Rxf4 f5 $17) 37... Rd7 38. Kd3 (38. Rxf4 f5 $15) 38... Rc7 39. Ra5 ({And not} 39. Rxf4 f5 $17) 39... Rd7 40. Ra6 Rc7 41. Ra5 ({Weaker is} 41. Rxf4 f5 $17) 41... Rb7 42. Rc5 ({Stronger than} 42. Rxf4 f5 $17) 42... Ra7 43. b5 Kd7 44. Rxf4 f5 {The position is equal.} 45. c4 Ra3+ 46. Kc2 dxc4 47. Rxc4 Kd6 48. Rc6+ Kd5 49. Rc5+ Kd6 50. Rc6+ Kd5 51. Rc5+ {Accuracy: White = 79%, Black = 83%.} 1/2-1/2

[Event "Prague Festival Future 2020"]
[Site "Prague"]
[Date "2020.02.18"]
[Round "6.3"]
[White "Gurel, Ediz"]
[Black "Nemec, Jachym"]
[Result "1/2-1/2"]
[WhiteElo "2125"]
[BlackElo "2069"]
[Annotator "TA"]
[PlyCount "134"]
[EventDate "2020.02.12"]
[EventType "tourn"]
[EventCountry "CZE"]
[SourceTitle "playchess.com"]
[Source "ChessBase"]
[SourceQuality "1"]

{[%evp 11,134,22,50,16,43,0,12,0,83,69,87,79,114,16,59,29,43,40,62,74,96,78,86,97,88,31,20,-37,-29,-27,-34,-55,-42,-85,-108,-102,-97,-129,-58,-53,-17,-35,0,-22,0,0,84,72,64,33,28,37,60,79,78,25,30,46,45,0,0,0,0,0,0,-50,73,75,81,72,68,32,41,50,114,121,102,101,118,111,243,249,251,229,306,317,300,297,287,278,288,175,172,170,146,74,131,124,151,163,296,218,241,226,297,291,262,289,264,244,608,597,562,510,481,411,1878,1676,829,0,0,0,0,0,0]} 1. e4 c5 2. Nf3 d6 3. d4 cxd4 4. Nxd4 Nf6 5. Nc3 a6 6. Bg5 Nbd7 7. Qe2 {B94: Sicilian Najdorf: 6 Bg5 Nbd7.} Qc7 8. f4 e5 9. Nf5 {[#]} exf4 $146 (9... h6 $11 10. Bxf6 Nxf6) ({Predecessor:} 9... h6 10. Bxf6 Nxf6 11. g3 d5 12. O-O-O d4 13. Nb1 exf4 14. Bg2 fxg3 15. e5 Bxf5 16. exf6+ {0-1 (28) Naiditsch,A (2710)-Korobov,A (2715) Kiev 2013}) 10. Bxf4 Ne5 11. O-O-O Be6 12. Qf2 ({White should play} 12. Bg5 $16) 12... Rc8 13. Bd3 Nfg4 14. Qg3 g6 15. Nd4 Bg7 16. Be2 Nf6 17. Nxe6 fxe6 18. Bxe5 ({Better is} 18. Qh3 $1 $16 {[%cal Rh3e6]} Qe7 19. Bxe5 dxe5 20. Nd5) 18... dxe5 $14 19. Qh4 (19. Qh3 $11 Qc6 20. Rhf1) 19... O-O 20. Rhf1 b5 {...b4 is the strong threat.} 21. a3 Qc5 22. Rd2 b4 23. axb4 Qxb4 {Threatens to win with ...Rxc3.} 24. Bd3 Rb8 (24... Nh5 $1 $17 25. Rxf8+ Bxf8) 25. Nd1 $15 Nh5 26. Rxf8+ Bxf8 27. c3 Qa4 28. Kb1 Qa5 (28... Qc6 $11 {remains equal.}) 29. Bc4 $16 Re8 30. Qg4 (30. g4 $5 {[%cal Rg4h5]} Be7 31. Qf2 $16 (31. Bxe6+ Kh8 $14)) 30... Qb6 31. Qf3 Bh6 32. Rd7 {Qf7+! would kill now.} Bf4 33. g3 (33. Qd3 $1 $16) 33... Nf6 $11 34. Rd3 (34. gxf4 Nxd7 35. f5 Kg7 $17) 34... Qc6 $1 {[%cal Rc6c4]} 35. gxf4 Qxc4 36. fxe5 Nxe4 37. Rd7 Rf8 38. Qh3 {[%csl Gd7][%cal Rh3h7]} Rf7 (38... Ng5 $15 {keeps the upper hand.} 39. Qd3 Qxd3+ 40. Rxd3 Rf1) 39. Rxf7 $16 {[%mdl 64] Overworked Piece} Kxf7 40. Qxh7+ Kf8 41. Qh6+ Kf7 42. Qe3 g5 (42... a5 $14) 43. Kc2 $1 Nc5 44. Nf2 Kg6 45. Qf3 Qb3+ (45... a5 $16) 46. Kc1 $18 Qc4 47. Qf6+ Kh7 48. Kd2 $1 Nb3+ 49. Ke1 Nc1 {[%csl Gc1][%cal Rc4e2]} 50. Qf3 {And now Qh5+ would win.} Kg6 51. Ne4 Nd3+ 52. Kd2 {Threatening mate with Qf6+.} Nf4 53. Nd6 (53. h4 $142) 53... Qa2 ({Black should try} 53... Qc5) 54. Qe4+ $16 Kh5 55. Kc2 $1 {Black must now prevent h3!} Qa1 (55... Qd5 {might work better.} 56. Qxd5 exd5) 56. Qf3+ (56. Qh7+ Kg4 $16) 56... Kh6 57. Qg4 {Hoping for Nf7+.} Qf1 58. Nf7+ ({Don't take} 58. Kb3 $6 Kg6 $18) 58... Kg6 59. Nxg5 Qd3+ 60. Kb3 Qd5+ $2 (60... Qb5+ 61. Ka2 Qd5+ 62. Ka3 Qc5+ 63. Kb3 (63. Ka2 Qd5+ 64. Ka3 Qa5+ 65. Kb3 Qb5+ 66. Ka2 Qd5+ $18) 63... Qb5+ 64. Ka2 Qd5+ 65. Kb1 Qd3+ 66. Ka2 Qd5+) 61. c4 $18 {Intending Nxe6+ and mate.} Qd3+ 62. Kb4 Qd2+ {[#]} 63. Ka3 $1 Qa5+ (63... Qd3+ $142 64. b3 Qf5 65. Qxf5+ Kxf5) 64. Kb3 {aiming for Ne4+.} Qb6+ 65. Ka2 $2 (65. Ka4 $18 Qc6+ {[#]} 66. Ka3 $1 {[%mdl 512]} Qc5+ 67. b4 Qe3+ 68. Ka4) 65... Qa5+ $11 {The position is equal.} 66. Kb1 ({Less strong is} 66. Kb3 Qb6+ 67. Ka4 Qc6+ 68. Ka3 Qc5+ 69. b4 Qe3+ 70. Ka4 Qe2 $18) 66... Qe1+ 67. Kc2 Qf2+ {Accuracy: White = 63%, Black = 55%.} 1/2-1/2

[Event "Prague Festival Future 2020"]
[Site "Prague"]
[Date "2020.02.18"]
[Round "6.4"]
[White "Brozka, Karel"]
[Black "Vagman, Roy"]
[Result "1/2-1/2"]
[WhiteElo "2045"]
[BlackElo "2141"]
[Annotator "TA"]
[PlyCount "155"]
[EventDate "2020.02.12"]
[EventType "tourn"]
[EventCountry "CZE"]
[SourceTitle "playchess.com"]
[Source "ChessBase"]
[SourceQuality "1"]

{[%evp 18,155,-10,-19,33,35,31,24,19,0,67,72,55,28,24,20,21,11,17,12,12,-24,37,14,32,27,50,22,108,58,83,86,85,87,84,83,91,51,51,46,28,35,34,21,12,22,27,30,208,174,174,192,185,0,157,0,14,5,237,0,0,0,197,197,244,226,283,292,276,275,243,241,317,312,408,408,408,408,408,393,378,372,360,357,325,308,295,292,541,539,502,504,524,171,660,660,658,584,573,543,325,0,175,8,8,8,651,642,605,2,2,2,2,0,0,0,0,0,0,0,0,0,0,0,0,0,0,0,0,0,0,0,0,0,0,0,0,0,0,0]} 1. d4 Nf6 2. Nf3 g6 3. c4 Bg7 4. Nc3 d5 5. Bg5 Ne4 6. cxd5 Nxg5 7. Nxg5 e6 8. Qd2 exd5 9. Qe3+ Kf8 10. Qf4 {[%csl Gg5][%cal Rf4f7]} Qd7 {D91: Grünfeld: 4 Nf3 Bg7 5 Bg5.} ({Better is} 10... Bf6 $11 11. h4 h6) 11. e3 $14 c6 12. Bd3 Qe7 {White has an edge.} 13. h4 {[#]} h6 $146 (13... Nd7 $11) ({Predecessor:} 13... Nd7 14. O-O-O Nf6 15. Kb1 Nh5 16. Qh2 h6 17. Nf3 Bg4 18. Rdg1 Re8 19. Nd2 b5 {0-1 (53) Volk,S (2113)-Bykov,O (2303) Voronezh 2007}) 14. Nf3 Kg8 15. O-O-O Be6 16. e4 dxe4 17. Bxe4 Na6 18. Rhe1 Qc7 19. Qd2 Qd6 (19... Bg4 $1 $11) 20. Ne5 Rd8 {White should prevent ...c5.} 21. f4 Nb4 22. h5 g5 (22... gxh5 $11 23. Kb1 Bg4) 23. a3 (23. fxg5 $6 hxg5 24. g4 Nxa2+ 25. Nxa2 Bxa2 $15) 23... Nd5 24. f5 (24. fxg5 $6 Nxc3 25. Qxc3 hxg5 $11) 24... Bc8 25. Nxd5 cxd5 26. Bc2 b6 27. Bd3 Bf6 28. Kb1 $36 {[%mdl 2048] Black is under pressure.} Kg7 29. Rc1 Bb7 30. Qc2 {Qc7! is the strong threat.} Rc8 31. Qa4 Rxc1+ 32. Rxc1 Bxe5 $2 (32... a6 $11 {and Black is okay.}) 33. dxe5 $18 Qxe5 34. Qd7 $1 {[%cal Rd7b7]} (34. Qxa7 $6 Rb8 $14) 34... Ba8 35. Rc7 $2 (35. Qxa7 d4 $11) ({White must play} 35. Rc8 $1 $18 {[%cal Rc8h8]} Rxc8 36. Qxc8) 35... Rf8 $2 ({Black should play} 35... Qf6 $1 $11) 36. Rxa7 $2 (36. Rc8 $1 $16) 36... Qd4 37. Bc2 Qe5 $2 (37... Qf6 $1 $11) 38. Ka2 $2 ({White has to play} 38. Qa4 $1 $18 Qe1+ 39. Ka2) 38... Qf6 39. g4 Rd8 $2 (39... d4 $11) 40. Qc7 d4 41. Bb3 $1 {[%cal Rb3f7]} Rf8 42. Ra6 Qd8 43. f6+ $1 (43. Qxb6 Qxb6 44. Rxb6 Bf3 $14) 43... Kh8 44. Qe7 $1 (44. Qxb6 Qxb6 45. Rxb6 Bf3 $11) 44... d3 {[#] White must now prevent ...Bd5.} 45. Rxb6 $1 {[%mdl 512]} Bd5 {[#]} (45... Qxb6 46. Qxf8+) 46. Rd6 $1 {[%mdl 64] Double Attack} Bxb3+ 47. Kxb3 {[%mdl 4096] Endgame KQR-KQR} Qa8 48. Rxd3 Re8 49. Qd7 ({Weaker is} 49. Qxf7 Rb8+ 50. Kc3 (50. Ka2 Rxb2+ 51. Kxb2 Qxa3+ 52. Rxa3 $11) 50... Qc6+ 51. Kd2 Qg2+ 52. Kd1 Qh1+ 53. Ke2 Qh2+ 54. Ke1 Qg1+ 55. Kd2 Rxb2+ 56. Kc3 Qc5+ 57. Kxb2 Qxa3+ 58. Rxa3 $11 (58. Kc2 Qxd3+ 59. Kxd3 $11)) 49... Rb8+ 50. Ka2 $1 Qa6 51. Rc3 ({Worse is} 51. Qxf7 Rxb2+ 52. Kxb2 Qxa3+ 53. Rxa3 $11 (53. Kc2 Qxd3+ 54. Kb2 Qe2+ 55. Kc3 Qe1+ 56. Kc4 Qc1+ 57. Kd5 Qd2+ 58. Kc6 Qd6+ 59. Kxd6 $11)) 51... Qxf6 52. Qc6 Kg7 $2 (52... Qe5 {was worth a try.} 53. Qxh6+ Kg8) 53. Qxf6+ Kxf6 {KR-KR} 54. Rc6+ Ke5 55. Rxh6 $2 (55. b4 Kf4 56. Rc4+ (56. Rxh6 Kxg4 57. Rf6 Kxh5 $11) 56... Kf3 57. a4) 55... Kf4 $2 (55... f5) 56. Rf6+ Kxg4 57. Rxf7 Kxh5 58. b4 $1 g4 59. Rg7 $2 (59. Kb3 $1 $18) 59... Rb5 $2 (59... Rb6 $1 $11) 60. Rh7+ $2 (60. Kb3 $18) 60... Kg5 $11 61. Kb3 Rb6 $2 {[%mdl 8192] [#]} (61... g3 $11) 62. Rh1 $1 $18 g3 {[#]} 63. Rg1 $2 ({Only move:} 63. a4 $1 $18 {[%cal Ra4a5]} Rh6 64. Rg1) 63... Kf4 $11 {The position is equal.} 64. a4 {aiming for a5.} Rg6 65. b5 {Strongly threatening a5.} Ke5 $1 66. Kb4 Kd6 67. Rc1 {White wants to mate with Rc6+.} Kd7 68. a5 {Threatens to win with a6.} g2 69. Rg1 Kc7 70. Kc5 Rg5+ 71. Kc4 Rg4+ 72. Kd3 Rg3+ 73. Kd4 Rg4+ 74. Ke3 Rg3+ 75. Kf4 Ra3 76. a6 Kb6 77. Rxg2 {Hoping for Rg5.} Kxb5 78. Rg5+ {Accuracy: White = 79%, Black = 61%.} 1/2-1/2